[Event "DEN-ch B7 Gr1 "]
[Site "Koge"]
[Date "2004.04.??"]
[Round "3"]
[White "Larsen, Hans Haagen"]
[Black "Larsen, Peder Lehmann"]
[Result "0-1"]
[WhiteElo "1601"]
[BlackElo "1880"]
[PlyCount "52"]
[EventDate "2004.04.08"]
[EventType "swiss"]
[EventRounds "7"]
[EventCountry "DEN"]
[SourceTitle "EXT 2023"]
[Source "ChessBase"]
[SourceDate "2022.10.05"]
[SourceVersion "1"]
[SourceVersionDate "2022.10.05"]
[SourceQuality "1"]

1. d4 d5 2. Bf4 c5 3. e3 Nc6 4. c3 cxd4 5. exd4 Nf6 6. Nf3 g6 7. Nbd2 Bg7 8. Be2 0-0 9. 0-0 Nh5 10. Be3 Qc7 11. Nh4 Nf4 12. Bxf4 Qxf4 13. g3 Qd6 14. f4 Bh3 15. Rf2 Nxd4 16. Bg4 Bxg4 17. Qxg4 Nc2 18. Rc1 Ne3 19. Qe2 d4 20. Ne4 Qb6 21. Nf3 dxc3 22. Ne5 Bxe5 23. fxe5 c2 24. Rf3 Nf5+ 25. Qf2 Nd4 26. Rc3 Ne2+ 0-1

[Event "DEN-ch B7 Gr1 "]
[Site "Koge"]
[Date "2004.04.??"]
[Round "2"]
[White "Larsen, Peder Lehmann"]
[Black "Kaarsberg, Allan"]
[Result "1-0"]
[WhiteElo "1880"]
[BlackElo "1739"]
[PlyCount "51"]
[EventDate "2004.04.08"]
[EventType "swiss"]
[EventRounds "7"]
[EventCountry "DEN"]
[SourceTitle "EXT 2023"]
[Source "ChessBase"]
[SourceDate "2022.10.05"]
[SourceVersion "1"]
[SourceVersionDate "2022.10.05"]
[SourceQuality "1"]

1. d4 Nf6 2. Nf3 d5 3. e3 Bf5 4. c4 c6 5. Qb3 Qc7 6. Bd2 a5 7. Nc3 e6 8. Rc1 Nbd7 9. cxd5 exd5 10. Nxd5 Nxd5 11. Qxd5 Be6 12. Qe4 Nf6 13. Qc2 Qb6 14. Bc4 Nd5 15. a3 Bd6 16. 0-0 h6 17. e4 Nc7 18. Bxe6 Nxe6 19. d5 cxd5 20. exd5 Ng5 21. Rfe1+ Kf8 22. Qc8+ Qd8 23. Qxd8+ Rxd8 24. Bxa5 Nxf3+ 25. gxf3 Ra8 26. Bc7 1-0

[Event "DEN-ch B7 Gr1 "]
[Site "Koge"]
[Date "2004.04.??"]
[Round "5"]
[White "Petersen, Nils"]
[Black "Larsen, Peder Lehmann"]
[Result "1/2-1/2"]
[WhiteElo "1864"]
[BlackElo "1880"]
[PlyCount "119"]
[EventDate "2004.04.08"]
[EventType "swiss"]
[EventRounds "7"]
[EventCountry "DEN"]
[SourceTitle "EXT 2023"]
[Source "ChessBase"]
[SourceDate "2022.10.05"]
[SourceVersion "1"]
[SourceVersionDate "2022.10.05"]
[SourceQuality "1"]

1. c4 g6 2. d4 d6 3. Nf3 Bg7 4. e4 c5 5. Be2 cxd4 6. Nxd4 Nf6 7. Nc3 0-0 8. 0-0 Nc6 9. Be3 Bd7 10. Qd2 Nxd4 11. Bxd4 Bc6 12. f3 a6 13. Nd5 Nd7 14. Bxg7 Kxg7 15. b4 b5 16. Rfc1 Bxd5 17. Qd4+ e5 18. Qxd5 Nb6 19. Qd2 bxc4 20. Bxc4 f5 21. Bb3 fxe4 22. fxe4 Rf4 23. Rf1 Rxf1+ 24. Rxf1 Ra7 25. Rd1 d5 26. exd5 Qd6 27. a3 Rc7 28. Qd3 Nc8 29. Qe3 Ne7 30. Re1 Nxd5 31. Qxe5+ Qxe5 32. Rxe5 Rc1+ 33. Kf2 Nf4 34. Re7+ Kh6 35. Bg8 Rc2+ 36. Kf3 Nxg2 37. Kg4 g5 38. Rxh7+ Kg6 39. Ra7 Rc6 40. Bh7+ Kf6 41. Bd3 Ne3+ 42. Kf3 Re6 43. Rxa6 g4+ 44. Ke2 Rxa6 45. Bxa6 Nc2 46. Kd2 Nd4 47. Bc8 Nf3+ 48. Ke3 Nxh2 49. a4 Ke5 50. a5 Nf1+ 51. Ke2 Ng3+ 52. Kd3 Ne4 53. a6 g3 54. Bh3 Nf2+ 55. Ke3 Nxh3 56. Kf3 Ng5+ 57. Kg2 Ne6 58. Kxg3 Nc7 59. a7 Na8 60. Kf3 1/2-1/2

[Event "DEN-ch B7 Gr1 "]
[Site "Koge"]
[Date "2004.04.??"]
[Round "7"]
[White "Sig, Preben"]
[Black "Larsen, Peder Lehmann"]
[Result "1/2-1/2"]
[WhiteElo "1753"]
[BlackElo "1880"]
[PlyCount "68"]
[EventDate "2004.04.08"]
[EventType "swiss"]
[EventRounds "7"]
[EventCountry "DEN"]
[SourceTitle "EXT 2023"]
[Source "ChessBase"]
[SourceDate "2022.10.05"]
[SourceVersion "1"]
[SourceVersionDate "2022.10.05"]
[SourceQuality "1"]

1. e4 Nc6 2. Bc4 e6 3. d4 d5 4. exd5 exd5 5. Bb5 a6 6. Bxc6+ bxc6 7. Ne2 Bd6 8. 0-0 Ne7 9. Bf4 Ng6 10. Bxd6 Qxd6 11. Re1 0-0 12. c3 Nh4 13. Ng3 f5 14. Qh5 Qf6 15. f4 c5 16. dxc5 d4 17. Qe2 dxc3 18. Nxc3 Bb7 19. Qe6+ Qxe6 20. Rxe6 Bxg2 21. Re7 c6 22. Rae1 Rad8 23. Nh5 Rd2 24. R1e2 Rxe2 25. Nxe2 g6 26. Nhg3 Rb8 27. b3 Rb5 28. Nd4 Rxc5 29. Nge2 Bd5 30. Kf2 h6 31. Re5 Kf7 32. Nxc6 Rxc6 33. Rxd5 Rc2 34. Ra5 Rc6 1/2-1/2